000 00442nam a2200157 a 4500
001 000004788
005 20200929151513.0
008 090727s1993 dr 000 0 spa d
040 _aDO-SdBNP
_bspa
_cBNPHU
082 _axxxx
_bB957c
100 1 _aBurgos, Angeles
_913912
245 1 0 _aConfesiones de moribundos del SIDA /
_cAngeles Burgos.
260 _aSanto Domingo :
_bAmigo del Hogar,
_c1993.
300 _a113 p. ;
_c19 cm.
049 _aBNPD
999 _c4594
_d4594